02043nac a2200241 a 4500003000900000005001700009007000300026008004100029040003300070041000800103082002200111100002300133245006900156250002200225260005500247300003800302490003500340500002100375520132100396650002601717650002201743700003601765CO-PeBPM20250506204443.0ta250506s1977 ck |||| |||| 00| 0 spa d aCO-PeBPMbspacCO-PeBPMerda aspa04a150.195 B615v22210aBion, W. R.eautor10aVolviendo a pensarc/ W. R. Bion; traducido por Daniel R. Wagner aSegunda edición aBuenos Aires, Argentinab: Ediciones Hormec, 1977 a225 páginasc17,5 centímetros aBiblioteca Psicología de Hoy aIncluye índice aEste libro expone el desarrollo del pensamiento de W.R. Bion relacionado con su trabajo con psicóticos y con la parte psicótica de la personalidad. El autor establece aquí una teoría original del pensamiento que ha significado la apertura de un vasto horizonte a la investigación psicoanalítica. En la primera parte se ocupa del desarrollo del pensamiento esquizofrénico, la diferenciación de las personalidades psicóticas y no psicóticas de la personalidad y de los ataques a los vínculos; en la segunda, Bion examina sus propios trabajos, comenta sus errores y las dificultades y determinantes que lo llevaron a escribirlos en la forma en que lo ha hecho... De esta manera, las posiciones de Bion se replantean enriquecidas por una nueva problemática que abarca una amplia gama de cuestiones: desde cómo escribir un trabajo psicoanalítico hasta qué constituye el núcleo del hecho a psicoanalizar. Su autocrítica ilumina aspectos comúnmente eludidos: las limitaciones del psicoanalista y la deformación que sufren ciertos conceptos psicoterapéuticos, como "curación", "mejoría" y "tratamiento". En suma: este libro -dice su autor- ejemplifica cómo "el instrumento psicoanalítico constituye una actitud de duda filosófica sobre la cual se elabora el psicoanálsis".14aPsicoanálisis2LEMB14aPensamiento2LEMB14aWagner, Daniel R.etraducción